Aprender AutoCAD 2015 Avanzado: (Record no. 218286)
[ view plain ]
| 000 -CABECERA | |
|---|---|
| campo de control de longitud fija | 00848 a2200253 4500 |
| 003 - IDENTIFICADOR DEL NÚMERO DE CONTROL | |
| campo de control | OSt |
| 005 - FECHA Y HORA DE LA ÚLTIMA TRANSACCIÓN | |
| campo de control | 20230727110509.0 |
| 008 - DATOS DE LONGITUD FIJA--INFORMACIÓN GENERAL | |
| campo de control de longitud fija | 230207s2015 mx a|||f |||| 001 0 spa d |
| 020 ## - NÚMERO INTERNACIONAL ESTÁNDAR DEL LIBRO | |
| Número Internacional Estándar del Libro | 9786076224267 |
| 020 ## - NÚMERO INTERNACIONAL ESTÁNDAR DEL LIBRO | |
| Número Internacional Estándar del Libro | 9788426721785 |
| 040 ## - FUENTE DE LA CATALOGACIÓN | |
| Centro/agencia transcriptor | CHAP |
| 082 00 - NÚMERO DE LA CLASIFICACIÓN DECIMAL DEWEY | |
| Número de edición | 22 |
| Número de clasificación | 620.00420285 |
| Número de documento/Ítem | A65a 2015 |
| 245 00 - MENCIÓN DE TÍTULO | |
| Título | Aprender AutoCAD 2015 Avanzado: |
| Resto del título | con 100 ejercicios prácticos / |
| Mención de responsabilidad, etc. | [MEDIAactive] |
| 264 #1 - PRODUCCIÓN, PUBLICACIÓN, DISTRIBUCIÓN, FABRICACIÓN Y COPYRIGHT | |
| Producción, publicación, distribución, fabricación y copyright | México: |
| Nombre del de productor, editor, distribuidor, fabricante | Alfaomega: |
| -- | Marcombo, |
| Fecha de producción, publicación, distribución, fabricación o copyright | 2015. |
| 300 ## - DESCRIPCIÓN FÍSICA | |
| Extensión | 213 páginas: |
| Otras características físicas | Ilustraciones |
| 490 1# - MENCIÓN DE SERIE | |
| Mención de serie | Computación. |
| 500 ## - NOTA GENERAL | |
| Nota general | Contiene 100 ejercicios prácticos |
| 504 ## - NOTA DE BIBLIOGRAFÍA, ETC. | |
| Nota de bibliografía, etc. | Incluye índice |
| 650 #4 - PUNTO DE ACCESO ADICIONAL DE MATERIA--TÉRMINO DE MATERIA | |
| 9 (RLIN) | 8407 |
| Término de materia o nombre geográfico como elemento de entrada | AutoCAD (Programa para computadora) |
| 650 #4 - PUNTO DE ACCESO ADICIONAL DE MATERIA--TÉRMINO DE MATERIA | |
| 9 (RLIN) | 147159 |
| Término de materia o nombre geográfico como elemento de entrada | Gráficas por computadora |
| 650 #4 - PUNTO DE ACCESO ADICIONAL DE MATERIA--TÉRMINO DE MATERIA | |
| 9 (RLIN) | 147302 |
| Término de materia o nombre geográfico como elemento de entrada | Diseño asistido por computador |
| 830 ## - PUNTO DE ACCESO ADICIONAL DE SERIE-TÍTULO UNIFORME | |
| 9 (RLIN) | 187693 |
| Título uniforme | Computación. |
| Nombre de parte o sección de la obra | Diseño por computadora |
| 942 ## - ELEMENTOS DE PUNTO DE ACCESO ADICIONAL (KOHA) | |
| Tipo de ítem Koha | |
| Fuente del sistema de clasificación o colocación | Dewey Decimal Classification |
| Estado de retiro | Estado de pérdida | Fuente del sistema de clasificación o colocación | Estado dañado | Restricciones de uso | No para préstamo | Código de colección | Localización permanente | Ubicación/localización actual | Ubicación en estantería | Fecha de adquisición | Total de préstamos | Signatura topográfica completa | Código de barras | Fecha visto por última vez | Precio válido a partir de | Tipo de ítem Koha | Número de copia |
|---|---|---|---|---|---|---|---|---|---|---|---|---|---|---|---|---|---|
| Dewey Decimal Classification | Préstamo 15 días | General | Biblioteca Central | Biblioteca Central | Planta principal - Colección General | 24/07/2023 | 620.00420285 A65 2015 | 33724002575371 | 24/07/2023 | 24/07/2023 | Libro | ||||||
| Dewey Decimal Classification | Préstamo 15 días | General | Biblioteca Central | Biblioteca Central | Planta principal - Colección General | 24/07/2023 | 620.00420285 A65 2015 | 33724002575413 | 24/07/2023 | 24/07/2023 | Libro | c.2 |
